Proceedings of the seventh Leucocyte Culture Conference : Universite Laval, June 6-11, 1972
Αποθηκεύτηκε σε:
| Συλλογικό Έργο: | , |
|---|---|
| Άλλοι συγγραφείς: | |
| Μορφή: | Πρακτικό Συνεδρίου Βιβλίο |
| Γλώσσα: | English |
| Δημοσίευση: |
New York :
Academic Press,
1973
|
| Θέματα: | |
| Ετικέτες: |
Προσθήκη ετικέτας
Δεν υπάρχουν, Καταχωρήστε ετικέτα πρώτοι!
|
MARC
| LEADER | 00000cam a2200000 i 4500 | ||
|---|---|---|---|
| 001 | 1/6522 | ||
| 008 | 000614s1973 eng d | ||
| 020 | |a 0-12-200450-7 | ||
| 035 | |l 10061961 | ||
| 040 | |a GR-MY-UA |b gre |e aacr | ||
| 041 | 0 | |a eng | |
| 082 | 0 | |a 616.079 | |
| 111 | 2 | |a Leucocyte Culture Conference |n (7th: |d 1972: |c Universite Laval, Quebec) | |
| 245 | 1 | 0 | |a Proceedings of the seventh Leucocyte Culture Conference : |b Universite Laval, June 6-11, 1972 / |c edited by Fritz Daguillard |
| 260 | |a New York : |b Academic Press, |c 1973 | ||
| 300 | |a xxiii, 689 p. |b fig. | ||
| 500 | |a Index: p.673-689 | ||
| 650 | 0 | 0 | |a Lymphocytes |x Congresses. |
| 700 | 1 | |a Daguillard, Fritz. |4 edt | |
| 710 | 1 | |a Universite Laval (Quebec, Canada) | |
| 852 | |a INST |b LESVOS |e 20000614 |h 616.079 LEU |p 005100023474 |q 005100023474 |t BK |y 0 | ||
| 909 | |a Λ |b 072957 | ||
| 970 | |z 2000/06/ΟΙΚΟΝΟΜΟΠΟΥΛΟΥ ΧΡΙΣΤΙΝΑ | ||